000 00613nam a22001817a 4500
999 _c188339
_d188339
005 20220519105428.0
010 _aENG-132681
020 _a978-81-952458-3-3
_c200.00
035 _aEN-116213
037 _bDBAD/PUB
082 _a371.3
100 _aBhat, V. Nithyanantha
245 _aAspects of Education: An Indian perspective/
_c V. Nithyanantha Bhat and J.S. Rajput
260 _aKerala
_bSukrtindra Oriental Research Institute
_c2019
270 _aKuthapady, Thammanam, Kochi-682032
_bKerala
300 _a82p.
_c21cm(pbk)
942 _2ddc
_cEN
_h371.3
_mBHA